Villes de France les plus peuplées - Mort Subite - Statistiques

Statistiques générales
  • Ce quiz a été pris 212 fois
  • Le résultat moyen est 8 sur 12
Answers on the Grid
Answers color-coded by a green-red scale on the quiz's grid according to % correct below.
Paris
Dijon
Nantes
Lyon
Brest
Grenoble
Marseille
Amiens
Clermont-Ferrand
Ajaccio
Rennes
Fort-de-France
Nice
Toulouse
Saint-Étienne
Reims
Le Havre
Montpellier
Strasbourg
Bordeaux
Nîmes
Lille
Aix-en-Provence
Toulon
 
Statistiques - réponses
Réponse % Correct
Paris
99%
Lyon
94%
Marseille
89%
Toulouse
75%
Bordeaux
72%
Lille
72%
Nantes
70%
Nice
68%
Strasbourg
65%
Montpellier
61%
Rennes
44%
Reims
20%
Aucun quiz correspondant
Distribution des résultats
% des personnes avec chaque résultat
Percentile par nombre de réponses
Votre historique - résultats
Vous n’avez pas pris ce quiz